000 00390nam a22001217a 4500
999 _c2611
_d2611
008 200312b ||||| |||| 00| 0 eng d
100 _92203
_aBerman, A. Michael
245 1 0 _aData structures through C++ objects by evolution
_cby A. Michael Berman.
260 _aNew York,
_bOxford University Press:
_c2008.
300 _axxi,471p.
650 0 _aData Structures (Computer science)
942 _cBK